000
00326nam a2200145Ia 4500
003
OSt
005
20240313124705.0
008
170524s9999 xx 000 0 und d
020
_a
1118780140
040
_c
IIMTU MEERUT
100
_a
Beckett
245
0
_a
Industrial chocolate
260
_b
Blackwell Science
942
_2
ddc
_c
02
999
_c
7205
_d
7205